Country Flags of Europe - Tile Select Quiz - Statistics

General Stats
  • This quiz has been taken 4,736 times
  • The average score is 14 of 16
Answer Stats
Question Tile Select % Correct
flags of Europe No
99%
flags of Europe No
99%
flags of Europe Yes
97%
flags of Europe No
97%
flags of Europe No
96%
flags of Europe Yes
96%
flags of Europe No
95%
flags of Europe No
93%
flags of Europe Yes
92%
flags of Europe Yes
90%
flags of Europe Yes
90%
flags of Europe Yes
86%
flags of Europe Yes
84%
flags of Europe Yes
80%
flags of Europe Yes
76%
flags of Europe No
65%
No matching quizzes found
Score Distribution
Percent of People with Each Score
Percentile by Number Answered
Your Score History
You have not taken this quiz